| 000 | 01117nam a22002417a 4500 | ||
|---|---|---|---|
| 008 | 250516s2025 xxk|||||o||||o00| 0 eng d | ||
| 020 | _a9781528657211 | ||
| 041 | _aeng | ||
| 110 | 2 | _aUnited Kingdom | |
| 245 |
_aGovernment Response to the Committee of Public Accounts on the Fifth report and the Tenth to the Seventeenth reports from Session 2024-25 _bTreasury Minutes _h[Electronic resource] |
||
| 260 |
_aUnited Kingdom, _bHM Treasury _c16 May 2025 |
||
| 300 | _a62p. | ||
| 490 |
_aCP _v1328 |
||
| 520 | _aResponses by treasury and concerns about slow progress on cladding issues | ||
| 650 | _aBUILDING SAFETY ACT 2022 | ||
| 650 | _aCLADDING | ||
| 650 | _aBUILDING SAFETY | ||
| 651 | _aUnited Kingdom | ||
| 690 |
_96222 _aBuilding control |
||
| 690 |
_96223 _aBuilding materials & defects |
||
| 856 |
_uhttps://assets.publishing.service.gov.uk/media/682474aeb296b83ad5262ec5/Government_Response_to_the_Committee_of_Public_Accounts_on_the_Fifth_and_the_Tenth_to_the_Seventeenth_reports_from_Session_2024-25_-_Treasury_Minutes_WEB.pdf#page=50 _zAvailable on UK Parliament website |
||
| 942 | _n0 | ||
| 999 |
_c122164 _d122164 |
||